Akciové společnosti a příspěvkové organizace ve zdravotnictví

Rozdiely medzi príspevkovými a akciovými spoločnosťami v zdravotníctve (nemocniciach). Nemocnice, ktoré majú právnu formu akciových spoločností sú samostatnými právnymi subjektami, nie sú v hospodárení tak obmedzované ako príspevkové organizácie. Akciové spoločnosti na rozdiel od príspevkových organ...

Full description

Saved in:
Bibliographic Details
Main Author: Vávrová, Hana
Format: Book Chapter
Language:Czech
Subjects:
Tags: Add Tag
No Tags, Be the first to tag this record!

MARC

LEADER 00000nla$a2200000$$$4500
001 0105146
005 20231121095034.4
041 0 |a cze 
044 |a CZ 
245 1 0 |a Akciové společnosti a příspěvkové organizace ve zdravotnictví  |c Hana Vávrová 
520 |a Rozdiely medzi príspevkovými a akciovými spoločnosťami v zdravotníctve (nemocniciach). Nemocnice, ktoré majú právnu formu akciových spoločností sú samostatnými právnymi subjektami, nie sú v hospodárení tak obmedzované ako príspevkové organizácie. Akciové spoločnosti na rozdiel od príspevkových organizácií môžu vlastniť majetok, čo má veľký vplyv na používanie a uplatňovanie daňových odpisov. Odlišný je aj pohľad na zisk a finančné hospodarenie obidvoch právnych forem. 
610 2 0 |a financovanie 
610 2 0 |a zdravotníctvo 
610 2 0 |a starostlivosť o zdravie 
610 2 0 |a spoločnosti akciové 
610 2 0 |a organizácie príspevkové 
610 2 0 |a organizácie rozpočtové 
100 1 |a Vávrová, Hana